ՀՀ Գիտությունների ազգային ակադեմիայի հիմնարար գիտական գրադարան  =   Fundamental Scientific Library of NAS RA

Վիճակախաղ = (Record no. 14029)

MARC details
000 -LEADER
fixed length control field 01125nam a2200265 a 4500
001 - CONTROL NUMBER
control field 000030448
003 - CONTROL NUMBER IDENTIFIER
control field AM-YEHGA
005 - DATE AND TIME OF LATEST TRANSACTION
control field 20250618070934.0
008 - FIXED-LENGTH DATA ELEMENTS--GENERAL INFORMATION
fixed length control field 030329s1983 ai ||||||||||||0||f|arm|d
040 ## - CATALOGING SOURCE
Original cataloging agency AM-YeHGA
041 1# - LANGUAGE CODE
Language code of text/sound track or separate title arm
Language code of original spa
090 ## - LOCALLY ASSIGNED LC-TYPE CALL NUMBER (OCLC); LOCAL CALL NUMBER (RLIN)
-- 14137
100 1# - MAIN ENTRY--PERSONAL NAME
Personal name Կորտասար, Խուլիո
9 (RLIN) 8632
245 10 - TITLE STATEMENT
Title Վիճակախաղ =
Remainder of title Los Premios /
Statement of responsibility, etc. Խ. Կորտասար; Իսպաներենից թարգմանությունը և վերջաբանը՝ Հ. Գրիգորյան; Խմբագիր՝ Ա. Հովսեփյան; Նկարիչ՝ Ս. Սևադա.
246 15 - VARYING FORM OF TITLE
Title proper/short title Los Premios .
260 ## - PUBLICATION, DISTRIBUTION, ETC.
Place of publication, distribution, etc. Երևան :
Name of publisher, distributor, etc. Սովետական գրող,
Date of publication, distribution, etc. 1983.
300 ## - PHYSICAL DESCRIPTION
Extent 438 էջ ;
Dimensions 20 սմ.
490 1# - SERIES STATEMENT
Series statement Արկածային գրադարան
650 14 - SUBJECT ADDED ENTRY--TOPICAL TERM
Topical term or geographic name entry element Արգենտինական արձակ
700 1# - ADDED ENTRY--PERSONAL NAME
Personal name Գրիգորյան, Հովհաննես Երվանդի,
Dates associated with a name 1945-2013
Relator term թարգմանիչ
Relationship trl
Relator term վերջաբաբան
Relationship aft
9 (RLIN) 1645
700 1# - ADDED ENTRY--PERSONAL NAME
Personal name Հովսեփյան, Ա.Ս.
Relator term խմբագիր
Relationship edt
700 1# - ADDED ENTRY--PERSONAL NAME
Personal name Սևադա, Ս.Ա.
Relator term նկարիչ
Relationship art
830 #0 - SERIES ADDED ENTRY--UNIFORM TITLE
Uniform title Արկածային գրադարան
942 ## - ADDED ENTRY ELEMENTS (KOHA)
Source of classification or shelving scheme Universal Decimal Classification
Koha item type Գրքեր / Books
Holdings
Withdrawn status Lost status Source of classification or shelving scheme Damaged status Not for loan Collection Home library Current library Date acquired Total checkouts Full call number Barcode Date last seen Price effective from Koha item type Public note Copy number
    Universal Decimal Classification     General Fundamental Scientific Library Fundamental Scientific Library 21/12/2016   AII/69114 220069114 21/12/2016 21/12/2016 Գրքեր / Books 30 Days Loan  
    Universal Decimal Classification     General Fundamental Scientific Library Fundamental Scientific Library 21/12/2016   AII/69323 220069323 21/12/2016 21/12/2016 Գրքեր / Books 30 Days Loan  
          General Fundamental Scientific Library Fundamental Scientific Library 21/12/2016   AII/69113 FL0216831 21/12/2016 21/12/2016 Գրքեր / Books 30 Days Loan 860


ՀՀ ԳԱԱ հիմնարար գիտական գրադարան
ՀՀ,Երևան 0019
Մարշալ Բաղրամյան 24/6
հեռախոս:(374-10) 52-47-50
Հետադարձ կապ

All site content, except where otherwise noted, is licensed under a
Creative Commons License